Static strength prediction of Malaysian industrial workers using artificial neural networks /
Saved in:
| Main Author: | |
|---|---|
| Format: | Thesis Book |
| Language: | English |
| Published: |
2005.
|
| Subjects: | |
| Tags: |
Add Tag
No Tags, Be the first to tag this record!
|
| LEADER | 01128cam a2200265 a 4500 | ||
|---|---|---|---|
| 001 | u736502 | ||
| 003 | SIRSI | ||
| 005 | 200704091719 | ||
| 008 | 070409s2005 my a t 000 0 eng | ||
| 040 | |a UMM |d UMJ | ||
| 090 | |a TS176 |b UM 2005 Naz | ||
| 097 | |a TS176 |b UM 2005 Naz | ||
| 100 | 1 | |a Nazaruddin | |
| 245 | 1 | 0 | |a Static strength prediction of Malaysian industrial workers using artificial neural networks / |c Nazaruddin. |
| 260 | |c 2005. | ||
| 300 | |a xii, 126 leaves : |b ill. ; |c 30 cm. | ||
| 502 | |a Dissertation (M.Eng.Sc.) -- Jabatan Kejuruteraan Rekabentuk dan Pembuatan, Fakulti Kejuruteraan, Universiti Malaya, 2006. | ||
| 504 | |a Bibliography: leaves 111-117. | ||
| 650 | 0 | |a Neural networks (Computer science) | |
| 650 | 0 | |a Artificial intelligence |x Industrial applications. | |
| 710 | 2 | 0 | |a Universiti Malaya. |b Jabatan Kejuruteraan Rekabentuk dan Pembuatan. |
| 900 | |a HF | ||
| 596 | |a 1 7 | ||
| 999 | |a TS176 UM 2005 NAZ |w LC |c 1 |i A512899868 |d 22/5/2007 |f 22/5/2007 |g 1 |l STACKS |m P01UTAMA |r Y |s Y |t TESIS |u 22/5/2007 | ||
| 999 | |a TS176 UM 2005 NAZ |w LC |c 1 |i A513004116 |d 18/8/2008 |f 18/8/2008 |g 1 |l STACKS |m P07JURUTER |r Y |s Y |t TESIS |u 15/8/2008 | ||
